IBM prekonáva krízu aj novými prístupmi v riadení Prípadová štúdia manažmentu IBM. 2

Z integratívneho manažmentu IBM. Organizovanie a vnútropodnikateľstvo. Podnikatelia a vnútropodnikatelia. Vnútrofiremná podnikateľská jednotka IBM PC. Príčiny pádu IBM.

Gespeichert in:
Bibliographische Detailangaben
1. Verfasser: Jemala, Ľubomír
Format: Buchkapitel
Sprache:Slowakisch
Schlagworte:
Tags: Tag hinzufügen
Keine Tags, Fügen Sie das erste Tag hinzu!

MARC

LEADER 00000naa a2200000 4500
001 r016019
005 20221213114443.1
041 0 |a slo 
044 |a SK 
245 1 0 |a IBM prekonáva krízu aj novými prístupmi v riadení  |b Prípadová štúdia manažmentu IBM. 2  |c Ľ. Jemala 
520 |a Z integratívneho manažmentu IBM. Organizovanie a vnútropodnikateľstvo. Podnikatelia a vnútropodnikatelia. Vnútrofiremná podnikateľská jednotka IBM PC. Príčiny pádu IBM. 
610 2 0 |a manažment 
610 2 0 |a IBM 
610 2 0 |a riadenie vnútropodnikové 
610 2 0 |a integrácia 
610 2 0 |a štruktúra podniku organizačná 
610 2 0 |a decentralizácia 
610 2 0 |a firmy 
610 2 0 |a IBM PC 
100 1 |a Jemala, Ľubomír